| 000 | 01574nam0a2200313 4500 | ||
|---|---|---|---|
| 001 | RU\NLR\bibl\543950 | ||
| 005 | 20260406155247.0 | ||
| 010 |
_a5-9584-0035-5 _92000 |
||
| 021 |
_aRU _b2004-34978 _91754 |
||
| 035 | _a(NLR Aleph) 000536178 | ||
| 090 |
_a1384094 _c1384094 |
||
| 100 | _a20040810d2004 |||y0rusy50 ca | ||
| 101 | 0 | _arus | |
| 102 | _aRU | ||
| 105 | _ay ||||||||| | ||
| 200 | 1 |
_aПуть к закону _e(Исход. док., поясн. зап., материалы конф., варианты проекта ГПК, новый ГПК РФ) _fПод ред. М.К. Треушникова |
|
| 210 |
_aМ. _cГородец _d2004 |
||
| 215 |
_a1022, [1] с. _d22 |
||
| 300 | _aК 250-летию МГУ им. М.В. Ломоносова | ||
| 604 |
_171001$aРоссийская Федерация _1500##$aГражданский процессуальный кодекс$xПроект$2nlr_sh2$3RU\NLR\AUTH\661379384 _aРоссийская Федерация _tГражданский процессуальный кодекс _xПроект _92304240 _3RU\NLR\AUTH\661379384 |
||
| 606 | 0 |
_aГражданский процессуальный кодекс _xПроект _yРоссийская Федерация _92304242 _3RU\NLR\AUTH\661379385 |
|
| 686 | 1 | _aХ629.2-324.9(2Р) | |
| 702 | 1 |
_4340 _8rus _7ca _aТреушников _f1938-2021 _bМ. К. _gМихаил Константинович _3RU\NLR\AUTH\777483 _9117417 |
|
| 801 | 0 |
_aRU _bNLR _c20040810 _gPSBO |
|
| 801 | 1 |
_aRU _bNLR _c20040810 |
|
| 942 | _cBOOK | ||
| 980 | _aNB | ||